000 00757nam a2200205Ia 4500
003 GCL
008 140319s9999 xx 000 0 ara d
040 _aGCL /
_cGCL
082 0 4 _a025.4
_bش ت
100 1 _aشعبان عبدالعزيز خليفة
245 1 0 _aالتصنيف العشرى القياسى :
_bالجداول الرئيسية والمساعدة /
_cشعبان عبدالعزيز خليفة
700 1 _aمحمد عوض العايدى
260 _aالقاهرة :
_bالمكتبة الاكاديمية ،
_c1996
300 _a948 ص ؛
_c24 سم
490 _a
650 0 4 _aالتصنيف
650 0 4 _aالتصنيف - المكتبات العربية
650 0 4 _aالتصنيف العشرى القياسى
942 _2ddc
_cBK
999 _c48278
_d48278